00788nam a22002177a 450000100060000000300080000600500170001400800410003103500190007204000350009104100080012608200220013410000220015624501180017826000800029630000360037650200860041250400290049865000120052770000310053980990BD-RjUL20221219172024.0221219s1998 bg a|||| m||| 00| 0 eng d a(BD-RjUL)80990 aBD-RjULbengcBD-RjULdBD-RjUL aeng 223a590bUDA 1998 aUddin, Md. Borhan10aAntihypertensive effects of ocimum sanctum on Laboratory Animals /cMd. Borhan Uddin ;6Supervisor : Nurul, Absar aRajshahi :bInstitute of Biological Sciences, University of Rajshahi,c1998 aix, 161 leves :bill, ;c29.cm. aThesis (Ph. D.) -- Institute of Biological Sciences, University of Rajshahi, 1998 aBibliography : 141 - 156 aAnimals aAbsar , Nurul, Supervisor